01119nam a2200289 a 450000100060000000300080000600500170001400800410003102000150007202000220008703500190010904000250012804100080015308200300016110000290019124500610022026001210028130000250040250400560042765000520048365000430053565000430057871000550062194200120067699900170068895201240070548719BD-RjUL20211209054556.0160816s1986 enk b 001 0 eng c a0333363086 a0333363094 (pbk.) a(BD-RjUL)48838 aMHcMHdBD-RjULbeng aeng 223a361.6140941bFIW 19861 aFimister, Geoff.914702210aWelfare rights work in social services /cGeoff Fimister aHoundmills, Basingstoke, Hampshire :bMacmillan Education in association with the Child Poverty Action Group,cc1986 aix, 166 p. ;c23 cm. aIncludes bibliographical references (p. [155]-161). 0aWelfare rights movementzGreat Britain.9147024 0aSocial workerszGreat Britain.9147025 0aPublic welfarezGreat Britain.91470262 aChild Poverty Action Group (Great Britain)9147027 2ddccBK c48719d48719 00102ddc40708NFICaRUCLbRUCLcStackd1988-07-02l0o361.6140941 FIW 1986r2016-08-16 00:00:00tC-2w2016-08-16yBK